000 00511nam a22001817a 4500
005 20250402164227.0
008 250402b |||||||| |||| 00| 0 eng d
020 _a9798886130706
041 _aeng
082 _a006.3 WIC
100 _aWichert, Andreas
245 _aMachine Learning A Journey to Deep Learning: With Exercises and Answers
260 _aNew Jersey
_bWorld Scientific
_c2024
300 _a624;. pages: 23 cm
650 _aInformation Technology
700 _aCouto, Luis Sa
942 _cBK
999 _c43525
_d43525